MARC

LEADER 00000nam2a2200000 4500
001 281063
005 20231101235351.0
020 |a RU  |b 86-74559 
035 |a (RuTPU)RU\TPU\book\304669 
090 |a 281063 
100 |a 20150116g1986 k y0rusy5003 ca 
101 0 |a rus 
102 |a RU 
105 |a y z 001zd 
200 0 |a Т. 1 
210 |d 1986 
215 |a 635 с. 
320 |a Библиогр.: с. 565-595 
320 |a Указатель имен: с. 596-616 
320 |a Предметный указатель: с. 617-630 
461 1 |0 (RuTPU)RU\TPU\book\208900  |t Избранные произведения  |o в 3 т.  |f К. Маркс, Ф. Энгельс  |g Институт марксизма-ленинизма (ИМЛ)  |v Т. 1  |d 1986 
600 1 |a Фейербах  |g Людвиг  |b Л.  |c немецкий философ  |f 1804-1872  |2 stltpush  |3 (RuTPU)RU\TPU\pers\379 
606 1 |a Маркс К. Энгельс Ф.  |x Избранные произведения, письма  |2 stltpush  |3 (RuTPU)RU\TPU\subj\39694  |9 59655 
610 1 |a марксистская философия 
610 1 |a материализм 
610 1 |a идеализм 
610 1 |a философия 
610 1 |a противоречия 
610 1 |a производительные силы 
610 1 |a собственность 
610 1 |a коммунизм 
610 1 |a манифест 
610 1 |a Коммунистическая партия 
610 1 |a наемный труд 
610 1 |a капитал 
610 1 |a классовая борьба 
610 1 |a революция 
610 1 |a контрреволюция 
610 1 |a Германия 
610 1 |a политическая экономия 
610 1 |a критика 
610 1 |a письма 
686 |a Ю3(0)6-602.124  |2 rubbk 
801 0 |a RU  |b RuMRKP  |c 19950704  |g psbo 
801 1 |a RU  |b 63413507  |c 20150116 
801 2 |a RU  |b 63413507  |c 20170126  |g RCR 
942 |c BK